000 00406nam a2200157Ia 4500
008 240729s9999 xx 000 0 und d
022 _a2663-8754
245 0 _aIraqi Geological Journal
260 _aIraq
260 _bUnion of Iraqi Geologists (UIG)
650 _a Geology
650 _aScience
856 _uhttps://doaj.org/toc/44fda6e363464fe3ba044252e154b579
942 _2ddc
942 _cDOAJEJ
999 _c72199
_d72199
945 _a1
_bMadushi Gamage
_c1
_dMadushi Gamage